| 000 | 01328njm a22003017a 4500 | ||
|---|---|---|---|
| 005 | 2010091404224.0 | ||
| 006 | a|||||r|||||00| 0 | ||
| 007 | sd ammalaaahaa | ||
| 008 | 100910t xxu||||| |||| 00| 0 eng d | ||
| 028 |
_a7EPE 7198 _bHis Master's Voice |
||
| 035 | _aGR-02441 | ||
| 040 |
_aSED _cSED |
||
| 100 |
_aKishore Kumar _919365 |
||
| 245 |
_aFakira / _csung by Kishore Kumar [and] Lata Mangeshkar ; Music by Ravindra Jain ; Lyrics by Ravindra Jain _h[sound recording] : |
||
| 246 | _aमेरा जीवन / | ||
| 260 |
_aDum Dum, India _bHis Master's Voice _c1975 |
||
| 300 |
_a1 sound disc [Gramophone Recording] : _banalog, 33 1/3 rpm ; _c7.5 in. (SP) _fGramaphone Records |
||
| 500 | _aBrief records | ||
| 500 | _aRecord Lables : His Master's Voice, Red | ||
| 505 | _aSide-1 तोता मैना की कहानी (Tota Maina Ki Kahani) (Kishore Kumar),--Side-2 झुक कर सलाम करते हैं (Jhuk Kar Salam Karte Hain) (Kishore Kumar& Mahendra Kapoor) | ||
| 600 |
_aKishore Kumar _919611 |
||
| 650 |
_2Excerpts. _aClassical Music _bIndia _919366 |
||
| 700 |
_aMangeshkar, Lata _91184 |
||
| 700 |
_aJain, Ravindra _919961 |
||
| 700 |
_aJain, Ravindra _919962 |
||
| 942 |
_2ddc _cGR |
||
| 999 |
_c45660 _d45660 |
||